Recent advances in latex technology : Seminar papers (held at Brickendonbury, Hertford, U K on 22nd October 1993 (Record no. 40976)

MARC details
000 -LEADER
fixed length control field 00503nam a2200157Ia 4500
082 ## - DEWEY DECIMAL CLASSIFICATION NUMBER
Classification number NR:62:678.061(063)
Item number REC
245 #0 - TITLE STATEMENT
Title Recent advances in latex technology : Seminar papers (held at Brickendonbury, Hertford, U K on 22nd October 1993
260 ## - PUBLICATION, DISTRIBUTION, ETC. (IMPRINT)
Place of publication U K
Name of publisher MRPRA
Year of publication 1993
505 ## - FORMATTED CONTENTS NOTE
Formatted contents note Pound 100 for a set of 3 conf papers
650 ## - SUBJECT ADDED ENTRY--TOPICAL TERM
Topical Term Latex stability
650 ## - SUBJECT ADDED ENTRY--TOPICAL TERM
Topical Term Nitrosamines
650 ## - SUBJECT ADDED ENTRY--TOPICAL TERM
Topical Term NR gelation
650 ## - SUBJECT ADDED ENTRY--TOPICAL TERM
Topical Term Protein allergy
942 ## - ADDED ENTRY ELEMENTS (KOHA)
Koha item type Books
Holdings
Withdrawn status Lost status Damaged status Not for loan Home library Current library Date acquired Cost, normal purchase price Full call number Accession Number Koha item type
        RRII Library RRII Library 16/12/2021 100.00 NR:62:678.061(063) REC 21269 Books